[Event "Nova Gorica op-A 26th"]
[Site "Nova Gorica"]
[Date "2022.09.17"]
[Round "3"]
[White "Goroshkova, Liudmila"]
[Black "Rigatti, Giorgio"]
[Result "1-0"]
[WhiteElo "1961"]
[BlackElo "1763"]
[PlyCount "79"]
[EventDate "2022.09.16"]
[EventType "swiss"]
[EventRounds "9"]
[EventCountry "SLO"]
[SourceTitle "CBM 210 Extra"]
[Source "ChessBase"]
[SourceDate "2022.11.30"]
[SourceVersion "1"]
[SourceVersionDate "2022.11.30"]
[SourceQuality "1"]

1. d4 Nf6 2. c4 g6 3. Nc3 d5 4. cxd5 Nxd5 5. e4 Nxc3 6. bxc3 Bg7 7. Bb5+ c6 8. Ba4 0-0 9. Ne2 Be6 10. Be3 Nd7 11. Bb3 Bxb3 12. axb3 Nf6 13. f3 a6 14. 0-0 Rc8 15. c4 Rc7 16. Qe1 Rd7 17. e5 Ne8 18. f4 f5 19. Rf3 Nc7 20. Rh3 e6 21. Kh1 Rff7 22. Ng1 Bf8 23. Nf3 Be7 24. Bg1 Qf8 25. Rd1 Rg7 26. Bf2 Qd8 27. Ng1 b5 28. Rhd3 Qa8 29. Nf3 Bd8 30. Qe2 a5 31. Be1 Qa6 32. Qa2 Ne8 33. Bc3 h6 34. d5 bxc4 35. bxc4 cxd5 36. cxd5 Nc7 37. d6 Nb5 38. Qxe6+ Kh7 39. Ba1 Qc6 40. Qd5 1-0

[Event "Mariupol CC 50th Aniversary"]
[Site "Mariupol"]
[Date "2021.06.11"]
[Round "6"]
[White "Tribushnaya, Olga"]
[Black "Goroshkova, Liudmila"]
[Result "1/2-1/2"]
[WhiteElo "1715"]
[BlackElo "1958"]
[PlyCount "38"]
[EventDate "2021.06.08"]
[EventType "swiss"]
[EventRounds "9"]
[EventCountry "UKR"]
[SourceTitle "EXT 2023"]
[Source "ChessBase"]
[SourceDate "2022.10.05"]
[SourceVersion "1"]
[SourceVersionDate "2022.10.05"]
[SourceQuality "1"]

1. e4 c6 2. d4 d5 3. Nc3 dxe4 4. Nxe4 Bf5 5. Ng3 Bg6 6. h4 h6 7. h5 Bh7 8. Nf3 Nd7 9. Bd3 Bxd3 10. Qxd3 Ngf6 11. Bf4 Nd5 12. Bd2 Qc7 13. c4 Nf4 14. Bxf4 Qxf4 15. Qe4 Qd6 16. 0-0-0 Nf6 17. Qe2 e6 18. Ne5 Be7 19. Ne4 Nxe4 1/2-1/2

[Event "UKR-ch sf"]
[Site "Alushta"]
[Date "2011.05.07"]
[Round "5"]
[White "Kigel, Dmytro"]
[Black "Goroshkova, Liudmila"]
[Result "1/2-1/2"]
[WhiteElo "2198"]
[BlackElo "1990"]
[PlyCount "63"]
[EventDate "2011.05.03"]
[EventType "swiss"]
[EventRounds "9"]
[EventCountry "UKR"]
[SourceTitle "CBM 142 Extra"]
[Source "ChessBase"]
[SourceDate "2011.06.27"]
[SourceVersion "1"]
[SourceVersionDate "2011.06.27"]
[SourceQuality "1"]

1. d4 d5 2. c4 e6 3. Nf3 Nf6 4. g3 Be7 5. Bg2 0-0 6. 0-0 Nbd7 7. Qc2 c5 8. Rd1 Qb6 9. Nbd2 cxd4 10. cxd5 d3 11. Qxd3 Nc5 12. Qc2 exd5 13. Nd4 Re8 14. N2b3 Bg4 15. Be3 Nxb3 16. Nxb3 Qa6 17. Nd4 Rac8 18. Qd3 Qxd3 19. Rxd3 Bc5 20. Re1 Bb6 21. h3 Bh5 22. Nf5 Bg6 23. Nd6 Bxd3 24. Nxc8 Bxe3 25. exd3 Bxf2+ 26. Kxf2 Rxc8 27. Re7 Rc2+ 28. Kg1 Rxb2 29. Bxd5 h6 30. Rxb7 Rxb7 31. Bxb7 Kf8 32. Kf2 1/2-1/2

[Event "UKR-ch sf"]
[Site "Alushta"]
[Date "2011.05.06"]
[Round "4"]
[White "Goroshkova, Liudmila"]
[Black "Martynov, Roman"]
[Result "1/2-1/2"]
[WhiteElo "1990"]
[BlackElo "2222"]
[PlyCount "123"]
[EventDate "2011.05.03"]
[EventType "swiss"]
[EventRounds "9"]
[EventCountry "UKR"]
[SourceTitle "CBM 142 Extra"]
[Source "ChessBase"]
[SourceDate "2011.06.27"]
[SourceVersion "1"]
[SourceVersionDate "2011.06.27"]
[SourceQuality "1"]

1. d4 Nf6 2. c4 e6 3. Nf3 b6 4. Bg5 Bb7 5. Nc3 h6 6. Bh4 Be7 7. e3 0-0 8. Bd3 d5 9. cxd5 exd5 10. 0-0 c5 11. Rc1 Nbd7 12. Qe2 a6 13. Rfd1 c4 14. Bb1 b5 15. a3 Ne4 16. Bxe7 Qxe7 17. Nd2 Nxc3 18. Rxc3 Nf6 19. h3 Rfd8 20. Nf1 Rd7 21. Ng3 g6 22. h4 h5 23. Qf3 Qd6 24. Ne2 Nh7 25. Nf4 Qf6 26. Qg3 Qg7 27. Rcc1 Re8 28. Rd2 Rc8 29. Re1 a5 30. e4 dxe4 31. Bxe4 Re8 32. Nxh5 Qh6 33. Rde2 Qxh5 34. Bxg6 Qxg6 35. Qxg6+ fxg6 36. Rxe8+ Kf7 37. R8e5 Bd5 38. g4 Nf6 39. g5 Nh5 40. f4 Ng7 41. Kf2 b4 42. axb4 axb4 43. Ra1 Be6 44. Rd1 Bg4 45. Rd2 Nf5 46. Rc5 Nd6 47. Re5 Bf5 48. Rde2 Bd3 49. Re1 Nf5 50. d5 c3 51. bxc3 bxc3 52. Rc1 c2 53. Ke1 Nd4 54. Kd2 Bf5 55. Ke3 Nb3 56. Rxf5+ gxf5 57. Rxc2 Rxd5 58. h5 Nc5 59. Rc3 Ne6 60. Ra3 Rb5 61. Ra7+ Kg8 62. Ra8+ 1/2-1/2

[Event "UKR-ch"]
[Site "Alushta"]
[Date "2010.05.09"]
[Round "7"]
[White "Babiy, Olga"]
[Black "Goroshkova, Liudmila"]
[Result "1-0"]
[WhiteElo "2254"]
[BlackElo "1963"]
[PlyCount "121"]
[EventDate "2010.05.03"]
[EventType "swiss"]
[EventRounds "9"]
[EventCountry "UKR"]
[SourceTitle "CBM 136 Extra"]
[Source "ChessBase"]
[SourceDate "2010.07.02"]
[SourceVersion "2"]
[SourceVersionDate "2010.07.15"]
[SourceQuality "1"]

1. e4 e5 2. Bc4 Nf6 3. Qe2 Nc6 4. c3 Be7 5. Nf3 0-0 6. d3 d5 7. exd5 Nxd5 8. Nxe5 Nxe5 9. Qxe5 Nb6 10. 0-0 Nxc4 11. dxc4 Be6 12. Qe4 Qd7 13. Nd2 Rfe8 14. Nf3 Bf5 15. Qd5 Bd6 16. Be3 Be4 17. Qd1 Qg4 18. h3 Qg6 19. Nh4 Qe6 20. c5 Be7 21. Qh5 Rad8 22. Rfd1 Bc2 23. Rd4 Bf6 24. Rxd8 Rxd8 25. Nf3 Rd5 26. Qg4 h5 27. Qb4 Be4 28. Nd2 Bg6 29. Qxb7 Qd7 30. Nf3 Be4 31. Qb8+ Kh7 32. Nd4 c6 33. Qf4 Bg6 34. Nf3 Rf5 35. Qa4 Rxf3 36. gxf3 Qxh3 37. Qxc6 Be5 38. f4 Bxf4 39. Bxf4 Qg4+ 40. Qg2 Qxf4 41. c6 Be4 42. Qg3 Qf5 43. c7 g5 44. f3 Bb7 45. Rd1 Qc5+ 46. Rd4 Ba6 47. a4 Qf5 48. Qe1 Bb7 49. Qd1 Qh3 50. Qd3+ Kg7 51. Rd7 Qg3+ 52. Kf1 Qh3+ 53. Ke1 Qg3+ 54. Kd2 Qf4+ 55. Qe3 Qh2+ 56. Kc1 Qh1+ 57. Kc2 Qg2+ 58. Kb3 h4 59. Qe5+ Kg6 60. Rd6+ Kh7 61. Qf5+ 1-0

[Event "UKR-ch"]
[Site "Alushta"]
[Date "2010.05.07"]
[Round "5"]
[White "Najgebauer, Szemjon"]
[Black "Goroshkova, Liudmila"]
[Result "1-0"]
[WhiteElo "2233"]
[BlackElo "1963"]
[PlyCount "85"]
[EventDate "2010.05.03"]
[EventType "swiss"]
[EventRounds "9"]
[EventCountry "UKR"]
[SourceTitle "CBM 136 Extra"]
[Source "ChessBase"]
[SourceDate "2010.07.02"]
[SourceVersion "2"]
[SourceVersionDate "2010.07.15"]
[SourceQuality "1"]

1. d4 Nf6 2. c4 c5 3. Nf3 e6 4. Nc3 d5 5. cxd5 cxd4 6. Qa4+ Bd7 7. Qxd4 exd5 8. Bg5 Be7 9. g3 Nc6 10. Qd2 Ne4 11. Bxe7 Qxe7 12. Qxd5 Nxc3 13. bxc3 Rd8 14. Qg5 f6 15. Qc1 0-0 16. Bg2 Rfe8 17. e3 Ne5 18. Nxe5 fxe5 19. 0-0 e4 20. Rb1 Bg4 21. Rb4 Bf3 22. Qb1 b6 23. Rd4 Rc8 24. Qb3+ Kh8 25. Rc1 Rf8 26. Rc2 Rc6 27. Rcd2 Qf6 28. Qb4 Rfc8 29. Bxf3 exf3 30. Rf4 Rxc3 31. h4 a5 32. Rxf6 axb4 33. Rxb6 R3c4 34. Kh2 h6 35. Rb2 Ra8 36. Kh3 h5 37. Rb5 g6 38. Rg5 Rc1 39. g4 Re1 40. Kg3 Re2 41. Rxb4 Raxa2 42. gxh5 gxh5 43. Rb6 1-0

[Event "UKR-ch"]
[Site "Alushta"]
[Date "2010.05.04"]
[Round "2"]
[White "Baranov, Jury"]
[Black "Goroshkova, Liudmila"]
[Result "1/2-1/2"]
[WhiteElo "2170"]
[BlackElo "1963"]
[PlyCount "88"]
[EventDate "2010.05.03"]
[EventType "swiss"]
[EventRounds "9"]
[EventCountry "UKR"]
[SourceTitle "CBM 136 Extra"]
[Source "ChessBase"]
[SourceDate "2010.07.02"]
[SourceVersion "2"]
[SourceVersionDate "2010.07.15"]
[SourceQuality "1"]

1. d4 d5 2. c4 e6 3. Nf3 Nf6 4. Nc3 Be7 5. Bf4 c6 6. e3 0-0 7. Qc2 Nbd7 8. h3 Re8 9. a3 a5 10. Bd3 Nf8 11. 0-0 dxc4 12. Bxc4 Ng6 13. Bg3 Bd6 14. Bxd6 Qxd6 15. Rfd1 Qc7 16. Bd3 Nd5 17. b4 axb4 18. Nxd5 exd5 19. axb4 Bd7 20. b5 Qd6 21. bxc6 Bxc6 22. Qb2 Reb8 23. Qb6 Ra3 24. Rxa3 Qxa3 25. Qc7 Qf8 26. Rb1 Rc8 27. Qg3 Qa3 28. Bf5 Ra8 29. Ng5 Qe7 30. Qg4 Qf6 31. Nf3 Qd6 32. Qh5 Bd7 33. Bd3 Ra3 34. Bxg6 hxg6 35. Qh4 f6 36. e4 dxe4 37. Qxe4 Bc6 38. Qg4 f5 39. Qh4 Bxf3 40. gxf3 b6 41. Rc1 Ra8 42. Kg2 Rd8 43. Rc6 Qxd4 44. Qxd4 Rxd4 1/2-1/2

[Event "UKR-ch U20 Girls"]
[Site "Ukraine"]
[Date "2010.??.??"]
[Round "1"]
[White "Goroshkova, Liudmila"]
[Black "Andrenko, Irina"]
[Result "1/2-1/2"]
[WhiteElo "1970"]
[BlackElo "2175"]
[PlyCount "101"]
[EventDate "2010.??.??"]
[EventType "swiss"]
[EventRounds "11"]
[EventCountry "UKR"]
[SourceTitle "EXT 2012"]
[Source "ChessBase"]
[SourceDate "2011.11.24"]
[SourceVersion "1"]
[SourceVersionDate "2011.11.24"]
[SourceQuality "1"]

1. e4 c5 2. Nf3 d6 3. d4 cxd4 4. Nxd4 Nf6 5. Nc3 g6 6. Be2 Bg7 7. Be3 0-0 8. 0-0 Nc6 9. Kh1 d5 10. exd5 Nxd5 11. Nxd5 Qxd5 12. Bf3 Qa5 13. c3 Nxd4 14. cxd4 Be6 15. d5 Bf5 16. Qb3 Rac8 17. Qxb7 Rc7 18. Bd2 Rxb7 19. Bxa5 Rxb2 20. a4 Rc8 21. Rae1 Bf6 22. Re3 Rc5 23. Bd8 Rxf2 24. Rfe1 Bc3 25. Rg1 Bd4 26. Rxe7 Rxf3 27. gxf3 Bxg1 28. Kxg1 Rxd5 29. Bc7 Kf8 30. Re5 Be6 31. Rxd5 Bxd5 32. Kf2 Ke7 33. Ke3 Kd7 34. Be5 Ke6 35. Bd4 a6 36. Bb6 Kf5 37. Bd8 g5 38. Bc7 h5 39. a5 Bc6 40. Bb8 Kg6 41. Bc7 f5 42. Bb8 f4+ 43. Kf2 Kf5 44. Bc7 g4 45. fxg4+ hxg4 46. Bb8 Ke4 47. Bc7 Bd7 48. Bb8 Be6 49. Bc7 f3 50. Bb6 Kd3 51. Bc7 1/2-1/2

[Event "UKR-ch U18 Girls"]
[Site "Lubin"]
[Date "2009.02.08"]
[Round "3"]
[White "Tsirulnik, Maritsa"]
[Black "Goroshkova, Liudmila"]
[Result "1-0"]
[WhiteElo "2100"]
[BlackElo "1977"]
[PlyCount "85"]
[EventDate "2009.02.06"]
[EventType "tourn"]
[EventRounds "11"]
[EventCountry "UKR"]
[SourceTitle "CBM 128 Extra"]
[Source "ChessBase"]
[SourceDate "2009.03.05"]
[SourceVersion "2"]
[SourceVersionDate "2009.03.25"]
[SourceQuality "1"]

1. d4 Nf6 2. Nf3 d5 3. c4 e6 4. g3 Be7 5. Bg2 0-0 6. 0-0 Nbd7 7. Qc2 c5 8. cxd5 exd5 9. Nc3 Re8 10. dxc5 Bxc5 11. Bf4 b6 12. Rad1 Bb7 13. Nd4 Nf8 14. Nb3 Ne6 15. Bc1 Rc8 16. Nxc5 Nxc5 17. Qb1 Qe7 18. Bg5 Qe5 19. Bxf6 Qxf6 20. Bxd5 Ba6 21. Rfe1 Re5 22. Bg2 Bc4 23. b4 Ne6 24. e4 Nc7 25. f4 Ree8 26. e5 Qe7 27. Ne4 Red8 28. Nd6 Nb5 29. Nxc8 Rxc8 30. Qb2 Be6 31. Rc1 Re8 32. Be4 Rd8 33. a4 Nc7 34. f5 Bd5 35. f6 Qd7 36. Red1 Qg4 37. Bg2 Qg5 38. Qe2 Ne6 39. Bxd5 Nf4 40. Bxf7+ Kxf7 41. Qc4+ Ne6 42. Rxd8 Qe3+ 43. Kg2 1-0

[Event "UKR-ch sf U20 Girls"]
[Site "Lvov"]
[Date "2008.12.10"]
[Round "9"]
[White "Maiko, Alina"]
[Black "Goroshkova, Liudmila"]
[Result "1/2-1/2"]
[WhiteElo "2110"]
[BlackElo "2002"]
[PlyCount "104"]
[EventDate "2008.12.02"]
[EventType "swiss"]
[EventRounds "9"]
[EventCountry "UKR"]
[SourceTitle "EXT 2010"]
[Source "ChessBase"]
[SourceDate "2010.11.25"]
[SourceVersion "1"]
[SourceVersionDate "2010.11.25"]
[SourceQuality "1"]

1. d4 Nf6 2. Nf3 e6 3. c4 d5 4. Nc3 Be7 5. Bg5 Nbd7 6. cxd5 exd5 7. e3 0-0 8. Bd3 c6 9. 0-0 Re8 10. Qc2 Nf8 11. Bxf6 Bxf6 12. b4 Bg4 13. Nd2 Be7 14. b5 Bd6 15. Rfe1 Qg5 16. Nf1 Re6 17. f4 Qh4 18. Qf2 Qxf2+ 19. Kxf2 Bb4 20. Rec1 Re7 21. bxc6 bxc6 22. a3 Bd6 23. f5 g6 24. e4 Bf4 25. exd5 Bxc1 26. Rxc1 Rd8 27. Ne3 Rxe3 28. Kxe3 cxd5 29. Rf1 gxf5 30. Bxf5 Bh5 31. g4 Bg6 32. h4 Ne6 33. h5 Bxf5 34. gxf5 Ng5 35. Kf4 f6 36. Rb1 Nh3+ 37. Kg4 Ng5 38. Rb5 Re8 39. Nxd5 Re4+ 40. Kg3 Rxd4 41. Nxf6+ Kf7 42. Nd5 Ne4+ 43. Kf3 Nd6 44. Ra5 Nxf5 45. Rxa7+ Ke6 46. Nc7+ Kf6 47. a4 Rh4 48. Ne8+ Kg5 49. Ra5 Rf4+ 50. Kg2 Rg4+ 51. Kf2 Rf4+ 52. Kg2 Rg4+ 1/2-1/2

[Event "UKR-ch sf U20 Girls"]
[Site "Lvov"]
[Date "2008.12.07"]
[Round "6"]
[White "Kalinina, Marianna"]
[Black "Goroshkova, Liudmila"]
[Result "1-0"]
[WhiteElo "1928"]
[BlackElo "2002"]
[PlyCount "117"]
[EventDate "2008.12.02"]
[EventType "swiss"]
[EventRounds "9"]
[EventCountry "UKR"]
[SourceTitle "EXT 2010"]
[Source "ChessBase"]
[SourceDate "2010.11.25"]
[SourceVersion "1"]
[SourceVersionDate "2010.11.25"]
[SourceQuality "1"]

1. e4 Nf6 2. e5 Nd5 3. c4 Nb6 4. d4 d6 5. exd6 exd6 6. Be3 Be7 7. Nc3 Bf5 8. Be2 N8d7 9. h3 0-0 10. b3 Re8 11. Qd2 Bg6 12. Bf3 f5 13. Bxb7 Bh4 14. Nge2 Rb8 15. Bc6 Nc8 16. g3 Bf6 17. Nd5 Ne7 18. Nxf6+ Nxf6 19. Bxe8 Qxe8 20. Qa5 f4 21. Nxf4 Nf5 22. 0-0 Nxg3 23. Rfe1 Nge4 24. f3 c5 25. dxc5 Ng5 26. Kg2 Be4 27. Kg3 Bxf3 28. Bd4 Nfe4+ 29. Rxe4 Bxe4 30. cxd6 Ne6 31. Qe5 Nxd4 32. Qxd4 g5 33. Nd5 Bxd5 34. Qxd5+ Kh8 35. Qxg5 Qe6 36. Qf4 Rg8+ 37. Kf2 Qg6 38. Qe5+ Rg7 39. Ke3 Qh6+ 40. Kd3 Qxh3+ 41. Kd4 Qg4+ 42. Kd5 Qg2+ 43. Kc5 Qf2+ 44. Kb4 h6 45. a4 Qd2+ 46. Kb5 Kh7 47. Qe4+ Kh8 48. c5 Qc3 49. Rb1 a5 50. b4 axb4 51. Rxb4 Qh3 52. Qe8+ Kh7 53. Kb6 Qc3 54. Qe4+ Kh8 55. d7 Qf6+ 56. c6 Qd8+ 57. Kb7 Rg8 58. c7 Qxd7 59. Qd4+ 1-0